Which European City is largest? Sudden Death - Statistics

General Stats
  • This quiz has been taken 368 times
  • The average score is 3 of 10
Answers on the Grid
Answers color-coded by a green-red scale on the quiz's grid according to % correct below.
Paris
Stockholm
Amsterdam
Lodz
Riga
Barcelona
Nizhny Novgorod
Volgograd
Cologne
Berlin
London
St. Petersburg
Odesa
Baku
Leeds
Vienna
Vilnius
Helsinki
Kyiv
Reykjavik
Glasgow
Palermo
Bucharest
Stuttgart
Rome
Minsk
Moscow
Oslo
Manchester
Belgrade
 
Answer Stats
Answer % Correct
Paris
93%
Barcelona
64%
London
41%
Moscow
30%
Kyiv
23%
Vienna
23%
Nizhny Novgorod
21%
Bucharest
14%
Baku
11%
Belgrade
4%
No matching quizzes found
Score Distribution
Percent of People with Each Score
Percentile by Number Answered
Your Score History
You have not taken this quiz